000 00330nam a2200121Ia 4500
003 GCL
008 140319s9999 xx 000 0 ara d
040 _aGCL /
_cGCL
082 0 4 _a811.5
_bم ش
245 1 0 _aشرح اللزوميات
260 _a[S.N] :
_bالهيئة المصرية العامة للكتاب ،
_c1992
490 _a
999 _c29724
_d29724